000 00368nam a22001457a 4500
003 MACL
005 20191119163659.0
008 191119b xxu||||| |||| 00| 0 eng d
040 _cMACL
100 _aChaturvedi, Naresh
_977193
245 _aElusive Inclusive Growth
260 _aAllahabad
_bVibha Pra
_c2018
650 _aSocial Science
_977194
942 _2ddc
_cBK
999 _c61348
_d61348